| 000 | 00369pam a2200157a 44500 | ||
|---|---|---|---|
| 008 | 230515b1900 xxu||||| |||| 00| 0 eng d | ||
| 020 | _aNULL | ||
| 041 | _aSANSKRIT | ||
| 082 | _a1 | ||
| 100 | _aAPATE | ||
| 245 | _aRAJNIGUNTUSHIT-DHANWANTRI NIGUNTU | ||
| 250 | _a1 | ||
| 260 |
_aSANGAI _bN.D. _c1900 |
||
| 300 | _a100 | ||
| 650 | _aRAJNIGUNTUSHIT-DHANWANTRI NIGUNTU | ||
| 999 |
_c496998 _d496998 |
||